000 00259nam a22001217a 4500
008 210302b ||||| |||| 00| 0 eng d
041 _aeng
080 _a159.9
100 _a49
101 _aPSI
245 _aHuman Physiology
_cHoussay,A.B
942 _2udc
_cBK
999 _c55501
_d55501